| 000 | 00614nam a2200205Ii 4500 | ||
|---|---|---|---|
| 003 | JO-AjNU | ||
| 008 | 230606s9999||||xx |||||||||||||| ||und|| | ||
| 020 | _a978-0-19-879154-6 | ||
| 040 |
_aJO-AjNU _beng _erda _cJO-AjNU |
||
| 041 | _aeng | ||
| 050 | 1 | 4 | _aBC199.P2.S57.2018 |
| 100 | 3 |
_a Simmons, Keith, _eauthor _96023 |
|
| 245 | 0 | 0 | _aSemantic Singularities: Paradoxes of Rrfernce, Predication, and Truth |
| 250 | _a1 ed | ||
| 264 | 3 | 1 | _aNew York: Oxford University Press, 2018 |
| 300 | _a249p | ||
| 336 |
_atext _btxt _2rdacontent |
||
| 337 |
_aunmediated _bn _2rdamedia |
||
| 338 |
_avolume _bnc _2rdacarrier |
||
| 999 |
_aE3124 _c3121 _d3121 |
||